=LDR 00000nam 2200000 4500 =001 INLIS000000000023601 =005 20200310091523 =035 ##$$a 0010-061300000023601 =008 200310################g##########0#ind## =041 ##$$a ind =082 ##$$a 297.1 =090 ##$$a 2x1.46, SHI b =100 ##$$a Shirazi, Dastghaib =245 1#$$a Bermasyarakat menurut al-Quran, Dastghaib Shirazi /$c Dastghaib shirazi; Penerjemah, Salman parisi; Penyunting, Arif mulyadi =260 ##$$a Jakarta :$b Al-huda,$c 2005 =300 ##$$a Xxviii,558 hlm ; $c 16,5 x 24 Cm =650 #4$$a Al Qur'an =850 ##$$a NBPNMAT =020 ##$$a 979-3515-56-2 =084 ##$$a 297.1 SHI b =250 ##$$a Cet. 1 =990 ##$$a 21400613/BPAP-NTB/20142014 =990 ##$$a 2090100898/BPAP-NTB/2015 =990 ##$$a 0001/BPAP-NTB/2015 =990 ##$$a 0001/BPAP-NTB/2015 =990 ##$$a 30709865